PROBLÉM HYNUTIA SMREČÍN NA SLOVENSKU

Bibliographic Details
Main Author: Novotný, Július, 1954- (Author)
Format: Article
Language:Slovak
ISBN:8088853737

MARC

LEADER 00000naa a2200000uu 4500
001 vtls011040109
003 SK-MaSNL
005 20260302124718.0
008 210904|2004 xo |||||||||||||||||slo|
015 |a SNBRA 
035 |a (urnnbn)urn:nbn:sk:snk:ar-008xji 
035 |a (uuid)d6f331e5-9e03-4192-8e1c-5a898370905e 
035 |a urn:nbn:sk:snk-aaut1v 
040 |a SNKBUCL  |b slo  |c SNKBUCL  |e AACR2 
041 0 |a slo 
044 |a xo  |c SK 
100 1 |a Novotný, Július,  |d 1954-  |4 aut  |9 89186 
245 1 0 |a PROBLÉM HYNUTIA SMREČÍN NA SLOVENSKU  |c Július Novotný 
773 0 |t Hynutie smrečín - príčíny, dôsledky, riešenia  |d Zvolen : Lesnícky výskumný ústav, 2004  |g S. 7-9  |z 8088853737 
958 |a OND 
958 |a article12 
958 |a chapter 
999 |c 1289539  |d 1291469